Economic analysis in a central bank - models versus judgment

Na minha lista:
Detalhes bibliográficos
Autor principal: Price, Lionel
Formato: Livro
Idioma:inglês
Publicado em: London Bank of England 1996
Colecção:Handbooks in Central Banking No. 3
Assuntos:
Tags: Adicionar Tag
Sem tags, seja o primeiro a adicionar uma tag!

MARC

LEADER 00000nam a2200000 4500
001 c125138
005 20221221082129.5
020 |a 1-85730-034-3 
041 0 |a eng 
044 |a GB 
245 1 0 |a Economic analysis in a central bank - models versus judgment  |c Lionel Price 
264 1 |a London  |b Bank of England  |c 1996 
300 |a 21 s. 
490 1 |a Handbooks in Central Banking  |v No. 3 
830 0 |a Handbooks in Central Banking  |v No. 3 
610 2 0 |a banky 
610 2 0 |a bankovníctvo 
610 2 0 |a analýza ekonomická 
610 2 0 |a banky centrálne 
610 2 0 |a modely 
610 2 0 |a modelovanie 
610 2 0 |a hospodárstvo trhové 
610 2 0 |a simulácia 
610 2 0 |a prognostika 
100 1 |a Price, Lionel